Sports Quiz

Random Sports or NFL Quiz

NFL Team Riddles Quiz Stats

 Plays Quiz not verified by Sporcle

Score 0/32 Timer 10:00
0 Plays Today
Clue Official Team Name % Correct
Aquatic MammalsDolphins
73.8%
Mile High EquinesBroncos
69.5%
Two Under ParsEagles
69.3%
Russet EpidermisRedskins
66%
Pink DetectivesPanthers
62.1%
Beanstalk VictimsGiants
59.4%
1776 WhigsPatriots
59%
Jerry Jones, LBJ, George Bush, etc.Texans
59%
Do you remember them?Titans
57.9%
Dollar CornBuccaneers
56.9%
Pope's AssistantsCardinals
56.9%
Dreaded MailBills
55.7%
They pass the peace pipeChiefs
53.6%
Roy Rodgers & Gene Autry's OccupationCowboys
52.8%
British Sports CarsJaguars
52.2%
Patrick, Christopher, LukeSaints
50.9%
Clue Official Team Name % Correct
MGM GatekeepersLions
48.9%
Revolving FirearmsColts
48.9%
Burmese PredatorsBengals
44.7%
Maltese and Crest VarietiesFalcons
44.1%
Down Financial MarketsBears
43.3%
D.B. Cooper, Robin Hood, etc.Steelers
42.9%
Pier HuntersSeahawks
42.5%
American Express FaithfulChargers
41.6%
Rhode Island UniversitiesBrowns
40.2%
BoxersPackers
37.3%
Not Quite AARP49ers
35.3%
Atop Pallas, they miss LenoreRavens
35.1%
Integrated Circuit Memory ChipsRams
34.8%
Dancing 'Shark's' FoesJets
33.6%
Carl Icahn & Gordon Gekko's OccupationRaiders
33.6%
Jenn-Air Cooking CompetitorsVikings
28.7%

You're not logged in!

Compare scores with friends on all Sporcle quizzes.
OR
Log In

Sporcle TV

Today on Sporcle TV


Watch our educational content, quiz creation guides, and fun videos on Sporcle TV.

Show Comments

Extras

Created Nov 24, 2010ReportNominate
Tags:NFL Quiz, matching, official, riddle, team

Top Quizzes Today


Score Distribution

Your Account Isn't Verified!

In order to create a playlist on Sporcle, you need to verify the email address you used during registration. Go to your Sporcle Settings to finish the process.

Report this User

Report this user for behavior that violates our Community Guidelines.

Details: